000
00274 a2200109 4500
999
_c
12042
_d
12042
008
240117b ||||| |||| 00| 0 eng d
020
_a
9788957703373
100
_a
ARCHIWORLD
245
_a
Landscape Architect, Vol.5: Hwang Yong Deuk
260
_b
ARCHI
_c
2010
942
_2
ddc